Every Star Wars Clone - Statistics

General Stats
  • This quiz has been taken 9 times
  • The average score is 46 of 158
Answer Stats
Picture Answer % Correct
Rex
100%
Cody
89%
Echo
89%
Fives
89%
Gregor
89%
Waxer
89%
Fox
78%
Gree
78%
Hardcase
78%
Jesse
78%
Thorn
78%
Wolffe
78%
Appo
67%
Bly
67%
Boba Fett
67%
Boil
67%
Hunter
67%
Tup
67%
Crosshair
56%
Dogma
56%
Hevy
56%
Kix
56%
Omega
56%
Tech
56%
Wrecker
56%
99
44%
Bacara
44%
Doom
44%
Grey
44%
Hawk
44%
Axe
33%
Bel
33%
Blackout
33%
Boost
33%
Boss
33%
Charger
33%
Colt
33%
Comet
33%
Cutup
33%
CX-1
33%
CX-2
33%
CX-3
33%
CX-4
33%
CX-5
33%
Denal
33%
Droidbait
33%
Fil
33%
Fireball
33%
Fixer
33%
Jek
33%
Lucky
33%
Matchstick
33%
Mayday
33%
Nemec
33%
Nova
33%
Oddball
33%
Ponds
33%
Samson
33%
Scorch
33%
Sinker
33%
Slick
33%
Vaughn
33%
Blitz
22%
Buzz
22%
Cameron
22%
Clone X
22%
Contrail
22%
Crys
22%
CT-327
22%
Flash
22%
Gearshift
22%
Greer
22%
Hammer
22%
Havoc
22%
Havoc
22%
Hawkeye
22%
Hound
22%
Howzer
22%
Jet
22%
Killer
22%
Koho
22%
Kosmos
22%
Longshot
22%
Mixer
22%
Monkk
22%
Neyo
22%
Niner
22%
Nub
22%
O'Niner
22%
Ox
22%
Oz
22%
Redeye
22%
Ridge
22%
Ringo
22%
Scythe
22%
Sev
22%
Sketch
22%
Sterling
22%
Tag
22%
Trap
22%
Trauma
22%
Veetch
22%
Wilco
22%
Wyler
22%
1151
11%
Broadside
11%
Chopper
11%
Crasher
11%
CT-1477
11%
CT-3278
11%
CT-8508
11%
CT-8801
11%
Cut Lawquane
11%
Deke
11%
Draa
11%
Edge
11%
Emerie Karr
11%
Engle
11%
Galle
11%
Goji
11%
Green Leader
11%
Gus
11%
Hexx
11%
Hotshot
11%
Jag
11%
Jax
11%
Jester
11%
Kickback
11%
Lock
11%
Mack
11%
Mox
11%
Nax
11%
Pulsar
11%
Punch
11%
Razor
11%
Rod
11%
Rys
11%
Silver
11%
Slammer
11%
Spark
11%
Stak
11%
Stak
11%
Stew
11%
Stone
11%
Swoop
11%
Thire
11%
Trapper
11%
Tucker
11%
Vik
11%
Warthog
11%
Whiplash
11%
Wooley
11%
Zak
11%
CT-27-3555
0%
CT-66-3232
0%
CT-66-3233
0%
CT-66-3238
0%
CT-66-3339
0%
No matching quizzes found
Score Distribution
Percent of People with Each Score
Percentile by Number Answered
Your Score History
You have not taken this quiz